00546nam a2200193Ii 450000100060000000300090000600800410001502000150005604000330007104100080010408200200011210000340013224500440016626400490021030000120025933600260027133700280029733800270032518957CO-ViMGA241108s9999||||xx |||||||||||||| ||und|| a9588156319 aCO-ViMGAbspaerdacCO-ViMGA0 aspa04aR 759.9861 G65a1 aBenjamín Villegas Jiménez10aCon la mano izquierda, Mauricio Gómez 1aBogotá, Colombia : Villegas Editores, 2003 avolumen atextbtxt2rdacontent aunmediatedbn2rdamedia avolumebnc2rdacarrier